000 00819cab a22002295a 4500
001 L153207
008 110622e20110618xxk 000 0 eng d
035 _a(Sirsi) u153207
041 0 _aeng
100 1 _aQuinn, David
245 0 0 _aFocus
_bIndustrial
260 _c2011
490 _aEstates Gazette
_v(1124) 18 June 2011, 69-83(11)
520 _aLinks retail demand including internet retailing with distribution take-up levels for big industrial sheds. Assesses demand from manufacturing sector. Profiles Verve Properties, which specialises in regeneration of industrial property.
590 _aKA
651 4 _aUnited Kingdom
_y
690 _aPROPERTY-COMMERCIAL PROPERTY-COMMERCIAL PROPERTY MARKET
700 1 _aThame, David
700 1 _aHarris, David
700 1 _aPio Kivlehan, Noella
942 _n0
999 _c83230
_d83230